[Event "GER-chT U10"]
[Site "Magdeburg"]
[Date "2014.12.28"]
[Round "5.3"]
[White "Freitag, Gerrit"]
[Black "Adelmeyer, Nelly"]
[Result "0-1"]
[WhiteElo "600"]
[BlackElo "753"]
[PlyCount "60"]
[EventDate "2014.12.27"]
[EventType "team-swiss"]
[EventRounds "7"]
[EventCountry "GER"]
[SourceTitle "EXT 2016"]
[Source "ChessBase"]
[SourceDate "2015.10.08"]
[SourceVersion "1"]
[SourceVersionDate "2015.10.08"]
[SourceQuality "1"]
[WhiteTeam "Hamburger SK III"]
[BlackTeam "Halle Roter Turm II"]
[WhiteTeamCountry "GER"]
[BlackTeamCountry "GER"]

1. e4 e5 2. Nf3 Nf6 3. Nc3 Nc6 4. Bb5 Bc5 5. Nxe5 Nxe5 6. d4 Nfg4 7. dxc5 0-0 8. f3 Nf6 9. Bg5 h6 10. Bh4 d6 11. cxd6 a6 12. dxc7 Qxc7 13. Be2 Qc6 14. f4 Neg4 15. e5 Ne3 16. Qd3 Nxg2+ 17. Kf2 Nxh4 18. exf6 Qxf6 19. Nd5 Qd8 20. c4 Bf5 21. Qg3 Be4 22. Rhg1 Nf5 23. Ne3 Nxg3 24. Rxg3 Qh4 25. h3 Rad8 26. Rd1 Rxd1 27. Bxd1 Rd8 28. b4 Rd2+ 29. Kg1 Qxg3+ 30. Kf1 Qf2# 0-1

[Event "GER-chT U10"]
[Site "Magdeburg"]
[Date "2014.12.27"]
[Round "2.3"]
[White "Kluehs, Isabel"]
[Black "Freitag, Gerrit"]
[Result "0-1"]
[WhiteElo "763"]
[BlackElo "600"]
[PlyCount "124"]
[EventDate "2014.12.27"]
[EventType "team-swiss"]
[EventRounds "7"]
[EventCountry "GER"]
[SourceTitle "EXT 2016"]
[Source "ChessBase"]
[SourceDate "2015.10.08"]
[SourceVersion "1"]
[SourceVersionDate "2015.10.08"]
[SourceQuality "1"]
[WhiteTeam "Berlin Nord Ost"]
[BlackTeam "Hamburger SK III"]
[WhiteTeamCountry "GER"]
[BlackTeamCountry "GER"]

1. d4 d5 2. Nf3 Nc6 3. c3 Nf6 4. Nbd2 Bg4 5. e3 e6 6. Bd3 e5 7. h3 e4 8. hxg4 exd3 9. g5 Ne4 10. a3 Nxg5 11. c4 dxc4 12. Nxc4 Nxf3+ 13. Qxf3 Bd6 14. Qe4+ Be7 15. Qxd3 Bc5 16. b4 Be7 17. Rxh7 Rxh7 18. Qxh7 Qd5 19. Nd2 Qxg2 20. Qd3 0-0-0 21. Qf5+ Rd7 22. Qf3 Qg1+ 23. Ke2 Bh4 24. Bb2 Qh2 25. Qf4 Qh3 26. Qf3 Qe6 27. Rd1 Nxd4+ 28. Bxd4 Rxd4 29. Rh1 Qa6+ 30. Kd1 Qd3 31. Ke1 Qxd2+ 32. Kf1 Qc1+ 33. Kg2 Qc6 34. Qxc6 bxc6 35. exd4 g5 36. f4 f6 37. fxg5 fxg5 38. Kf3 g4+ 39. Kxg4 Bf6 40. Rd1 Kd7 41. Kf4 Kd6 42. Ke4 Ke6 43. a4 a6 44. Rc1 Kd6 45. Ke3 Bg7 46. Rc5 Bh6+ 47. Kf3 Bg7 48. Kg4 Bh6 49. Rg5 Bxg5 50. Kxg5 Kd5 51. Kf6 Kxd4 52. Ke6 Kc4 53. Kd7 Kxb4 54. Kxc7 Kc5 55. Kb7 a5 56. Ka6 Kb4 57. Kb6 c5 58. Kc6 c4 59. Kb6 c3 60. Kc6 c2 61. Kd5 c1Q 62. Ke4 Kxa4 0-1